[Event "Pokerstars International Open 2015"]
[Site "Douglas ENG"]
[Date "2015.10.07"]
[Round "5"]
[White "Sargissian, Gabriel"]
[Black "Fressinet, Laurent"]
[Result "1/2-1/2"]
[WhiteElo "2679"]
[BlackElo "2702"]
[PlyCount "89"]
[EventDate "2015.09.02"]

1. d4 Nf6 2. c4 e6 3. Nf3 d5 4. Nc3 Bb4 5. Bg5 h6 6. Bxf6 Qxf6 7. Qa4+ Nc6 8.
e3 O-O 9. Be2 dxc4 10. O-O Bd7 11. Bxc4 Bxc3 12. bxc3 Rfd8 13. Qa3 Qe7 14. Qxe7
Nxe7 15. a4 c5 16. Rfb1 Rab8 17. Ne5 Be8 18. a5 Rdc8 19. Bb5 Rc7 20. Bxe8 Rxe8
21. Nd3 cxd4 22. cxd4 Nd5 23. g3 Rec8 24. Rb5 Rc3 25. Nf4 Nxf4 26. gxf4 Rc1+
27. Rxc1 Rxc1+ 28. Kg2 a6 29. Re5 g6 30. d5 exd5 31. Rxd5 Rc6 32. h4 h5 33. f5
Kg7 34. fxg6 Kxg6 35. Rg5+ Kh6 36. f4 b6 37. axb6 Rxb6 38. Kf3 f6 39. Rc5 Kg6
40. f5+ Kf7 41. Rc7+ Kf8 42. Ra7 Rb5 43. Rxa6 Rxf5+ 44. Ke4 Re5+ 45. Kf4
1/2-1/2

[Event "Pokerstars International Open 2015"]
[Site "Douglas ENG"]
[Date "2015.10.07"]
[Round "5"]
[White "Howell, David W L"]
[Black "Melkumyan, Hrant"]
[Result "1/2-1/2"]
[WhiteElo "2705"]
[BlackElo "2622"]
[PlyCount "219"]
[EventDate "2015.09.02"]

1. Nf3 d5 2. g3 g6 3. Bg2 Bg7 4. d4 c6 5. O-O Nf6 6. b3 O-O 7. Bb2 Bf5 8. c4
Ne4 9. e3 Nd7 10. Qe2 a5 11. Rc1 a4 12. b4 Bg4 13. Qf1 Be6 14. Na3 Qb6 15. Qe1
dxc4 16. Nxc4 Bxc4 17. Rxc4 a3 18. Bc1 Nd6 19. Rc2 e5 20. dxe5 Nxe5 21. Nxe5
Bxe5 22. Rb1 Nb5 23. Rb3 Rfd8 24. Bf1 Bg7 25. Bc4 Rd7 26. Qe2 Rad8 27. Kg2 Bf6
28. Bxb5 cxb5 29. Rxa3 Qe6 30. Qf3 h5 31. h4 Rd1 32. e4 Kg7 33. Re3 Be5 34. Rb3
R8d6 35. Qe2 Qd7 36. Rc5 Bd4 37. Qxd1 Bxc5 38. Qe2 Bd4 39. Rd3 Be5 40. Rxd6
Bxd6 41. Bb2+ Kf8 42. Qd3 Ke8 43. Qd4 Qc6 44. Bc3 Kd7 45. Kf1 Ke8 46. Ke2 Bc7
47. Bd2 Bb6 48. Qd3 Bc7 49. Qd4 Bb6 50. Qd3 Bc7 51. Bg5 Bb6 52. Be3 Bd8 53. Bc5
Qd7 54. Qc3 Qg4+ 55. Ke3 Qe6 56. Qh8+ Kd7 57. Qd4+ Kc8 58. Qd5 Qxd5 59. exd5
Kd7 60. Ke4 Bc7 61. Kd3 Be5 62. Kc2 Bc7 63. Kb3 Bd8 64. a4 bxa4+ 65. Kxa4 f6
66. Kb5 g5 67. f3 gxh4 68. gxh4 f5 69. Bf2 Be7 70. Bg3 Bd8 71. Kc5 Be7+ 72. Kc4
Bf6 73. b5 Be7 74. Kd4 Bf6+ 75. Ke3 Be7 76. Be5 Bxh4 77. Kf4 Be7 78. Kxf5 Bd8
79. f4 Be7 80. Ke4 Bd8 81. Kf3 Ke7 82. f5 Kf7 83. Kf4 Bh4 84. Bc7 Ke7 85. Be5
Kf7 86. Kf3 Ke7 87. Kg2 Kf7 88. Kh3 Bg5 89. Kg3 Ke7 90. Bf4 Bf6 91. Kh3 Bd4 92.
d6+ Kf6 93. Bg3 Kxf5 94. d7 Bb6 95. Bf2 Bc7 96. Bg3 Bb6 97. Bf2 Bc7 98. Bh4 Ke6
99. d8=R Bxd8 100. Bxd8 Kd5 101. b6 Ke6 102. Kh4 Kd7 103. Bc7 Kc8 104. Kxh5 Kd7
105. Kg6 Kc8 106. Kf7 Kd7 107. Bb8 Kc8 108. Ke7 Kxb8 109. Kd7 Ka8 110. Kc8
1/2-1/2

[Event "Romanian Super League 2015"]
[Site "Mamaia"]
[Date "2015.10.03"]
[Round "1"]
[White "Wang, Hao"]
[Black "Tarlev, Konstantin"]
[Result "1-0"]
[WhiteElo "2712"]
[BlackElo "2556"]
[PlyCount "61"]
[EventDate "2015.10.03"]
[EventType "team"]
[EventRounds "9"]
[WhiteTeam "CLUBUL DE SAH AL MUNICIPIULUI BAIA MARE"]
[BlackTeam "CS VICTORIA TECHIRGHIOL"]

1. c4 Nf6 2. Nc3 e5 3. g3 Bb4 4. Bg2 O-O 5. Nf3 Bxc3 6. bxc3 Re8 7. O-O e4 8.
Ng5 h6 9. Nh3 Nc6 10. Nf4 Ne5 11. Qb3 b6 12. d4 Nc6 13. f3 Na5 14. Qc2 e3 15.
c5 d5 16. cxd6 cxd6 17. Qd3 g5 18. Nh3 Be6 19. d5 Bxd5 20. Bxe3 Bc4 21. Qd4
Bxe2 22. Rfe1 Nc6 23. Qd2 Ba6 24. f4 g4 25. Bxc6 gxh3 26. f5 Re5 27. Bd4 Qc8
28. Bh1 Rxf5 29. Qxh6 Qf8 30. Qh4 Nh7 31. Be4 1-0

[Event "Romanian Super League 2015"]
[Site "Mamaia"]
[Date "2015.10.04"]
[Round "2"]
[White "Carmaciu, Lucian-Catalin"]
[Black "Wang, Hao"]
[Result "0-1"]
[WhiteElo "2398"]
[BlackElo "2712"]
[PlyCount "50"]
[EventDate "2015.10.03"]
[EventType "team"]
[EventRounds "9"]
[WhiteTeam "CS SAH CLUB GALATI"]
[BlackTeam "CLUBUL DE SAH AL MUNICIPIULUI BAIA MARE"]

1. e4 c5 2. Nc3 e6 3. f4 Nc6 4. Nf3 d5 5. Bb5 Nge7 6. exd5 Nxd5 7. Bxc6+ bxc6
8. d3 Nxc3 9. bxc3 c4 10. Ne5 cxd3 11. cxd3 Bd6 12. O-O O-O 13. Kh1 Qc7 14. Qa4
c5 15. Rb1 Bb7 16. Bd2 Rab8 17. c4 Bxe5 18. fxe5 Qxe5 19. Qd1 Qd6 20. Qe2 e5
21. Be3 Bc6 22. Kg1 Rxb1 23. Rxb1 f5 24. Bf2 f4 25. Re1 Rf5 0-1

[Event "Romanian Super League 2015"]
[Site "Mamaia"]
[Date "2015.10.05"]
[Round "3"]
[White "Wang, Hao"]
[Black "Vasiesiu, Dan"]
[Result "1-0"]
[WhiteElo "2712"]
[BlackElo "2388"]
[PlyCount "67"]
[EventDate "2015.10.03"]
[EventType "team"]
[EventRounds "9"]
[WhiteTeam "CLUBUL DE SAH AL MUNICIPIULUI BAIA MARE"]
[BlackTeam "CS APOLLO SATU MARE"]

1. d4 Nf6 2. c4 g6 3. Nc3 Bg7 4. e4 d6 5. Nf3 O-O 6. h3 e5 7. d5 Nh5 8. g3 Na6
9. a3 Nc5 10. b4 Nd7 11. Be2 a5 12. Rb1 axb4 13. axb4 Nb8 14. Nh2 Nf6 15. Ng4
Nxg4 16. hxg4 Na6 17. Be3 Qe7 18. Qd2 Bd7 19. g5 f5 20. gxf6 Bxf6 21. Kf1 Rf7
22. Kg2 Raf8 23. f3 h5 24. b5 Nc5 25. b6 c6 26. Bxc5 dxc5 27. d6 Qd8 28. Na4
Bg5 29. Qd3 Bf4 30. gxf4 Rxf4 31. Rbg1 Bg4 32. fxg4 Rf2+ 33. Kh3 R8f4 34. d7
1-0

[Event "Romanian Super League 2015"]
[Site "Mamaia"]
[Date "2015.10.06"]
[Round "4"]
[White "Areshchenko, Alexander"]
[Black "Wang, Hao"]
[Result "1-0"]
[WhiteElo "2672"]
[BlackElo "2712"]
[PlyCount "91"]
[EventDate "2015.10.03"]
[EventType "team"]
[EventRounds "9"]
[WhiteTeam "CS STUDENTESC MEDICINA TIMISOARA"]
[BlackTeam "CLUBUL DE SAH AL MUNICIPIULUI BAIA MARE"]

1. e4 e6 2. d4 d5 3. Nc3 Nf6 4. e5 Nfd7 5. f4 c5 6. Nf3 Nc6 7. Be3 Be7 8. Qd2
b6 9. Be2 Bb7 10. O-O O-O 11. Nd1 cxd4 12. Nxd4 Nxd4 13. Bxd4 Nc5 14. Nf2 Rc8
15. c3 Qc7 16. b4 Nd7 17. Ng4 f5 18. exf6 Nxf6 19. Qe3 Ne4 20. Bd3 Bd6 21. Ne5
Qe7 22. Rf3 Bc5 23. Raf1 Bxd4 24. Qxd4 g6 25. Bxe4 dxe4 26. Rg3 Rcd8 27. Qe3
Rf5 28. h3 Qd6 29. Rf2 Qf8 30. Rg4 Rd1+ 31. Kh2 Qd6 32. Qg3 Kf8 33. Qh4 Kg7 34.
Rg3 Re1 35. Rd2 Bd5 36. Rg4 Rc1 37. Qg3 b5 38. Qe3 Qb6 39. Rd4 Rf1 40. Qg3 Qd6
41. Nxg6 hxg6 42. Rxg6+ Kf7 43. Rxd5 Rxd5 44. Rg7+ Ke8 45. Qg6+ Kd8 46. Rf7 1-0

[Event "Romanian Super League 2015"]
[Site "Mamaia"]
[Date "2015.10.07"]
[Round "5"]
[White "Wang, Hao"]
[Black "Volkov, Sergey"]
[Result "1/2-1/2"]
[WhiteElo "2712"]
[BlackElo "2592"]
[PlyCount "126"]
[EventDate "2015.10.03"]
[EventType "team"]
[EventRounds "9"]
[WhiteTeam "CLUBUL DE SAH AL MUNICIPIULUI BAIA MARE"]
[BlackTeam "CS POLITEHNICA-ANTIBIOTICE IASI"]

1. d4 d5 2. c4 c6 3. Nf3 Nf6 4. Nc3 a6 5. e3 b5 6. b3 Bg4 7. Be2 e6 8. h3 Bf5
9. O-O Nbd7 10. Bb2 Be7 11. Nh4 Bg6 12. c5 a5 13. a3 Ne4 14. Nxg6 Nxc3 15. Bxc3
hxg6 16. b4 a4 17. f3 Qc7 18. Qe1 Bh4 19. Qd2 Bg3 20. Bd3 g5 21. f4 Nf6 22.
fxg5 Bh2+ 23. Kh1 Nh5 24. Qf2 Ng3+ 25. Kxh2 Nxf1+ 26. Kg1 Ng3 27. Qf3 O-O-O 28.
Be1 Ne4 29. Bxe4 dxe4 30. Qxe4 Rd5 31. h4 Kb7 32. Qg4 f5 33. gxf6 gxf6 34. Qxe6
f5 35. Qg6 f4 36. exf4 Qd8 37. Rd1 Rg8 38. Qd3 Qd7 39. Rd2 Qg4 40. Kh2 Qxf4+
41. g3 Qg4 42. Qe2 Qd7 43. Bf2 Re8 44. Qd3 Rf5 45. g4 Rf4 46. d5 Rxg4 47. dxc6+
Qxc6 48. Qd7+ Qxd7 49. Rxd7+ Kc8 50. Rd3 Rc4 51. Kh3 Rc2 52. Bg3 Rb2 53. h5 Rb3
54. Rd6 Rxa3 55. Kg4 Rb3 56. Rb6 Rxb4+ 57. Kf5 Re3 58. Bd6 Kd7 59. Bf4 Rf3 60.
c6+ Ke7 61. Rb7+ Kf8 62. Rb8+ Kf7 63. Rb7+ Kf8 1/2-1/2

[Event "Pokerstars International Open 2015"]
[Site "Douglas ENG"]
[Date "2015.10.08"]
[Round "6"]
[White "Harikrishna, P."]
[Black "Zumsande, Martin"]
[Result "1-0"]
[WhiteElo "2737"]
[BlackElo "2422"]
[PlyCount "59"]
[EventDate "2015.09.02"]

1. e4 e6 2. d4 d5 3. Nd2 Nf6 4. e5 Nfd7 5. Bd3 c5 6. c3 b6 7. Ne2 Ba6 8. Bxa6
Nxa6 9. Nf4 Nc7 10. h4 c4 11. Qg4 g6 12. Nf3 h6 13. Rh3 b5 14. Rg3 Qe7 15. b3
a5 16. Nd2 Nb6 17. Rb1 Kd8 18. bxc4 Nxc4 19. a4 Nxd2 20. Bxd2 bxa4 21. c4 h5
22. Qf3 Bh6 23. cxd5 exd5 24. Nxd5 Qxh4 25. Nxc7 Qh1+ 26. Ke2 Qxb1 27. Qxa8+
Kd7 28. Qd5+ Kxc7 29. Rc3+ Kb8 30. Rc5 1-0

[Event "Pokerstars International Open 2015"]
[Site "Douglas ENG"]
[Date "2015.10.08"]
[Round "6"]
[White "Fressinet, Laurent"]
[Black "Grandelius, Nils"]
[Result "1-0"]
[WhiteElo "2702"]
[BlackElo "2647"]
[PlyCount "101"]
[EventDate "2015.09.02"]

1. c4 e5 2. Nc3 Nf6 3. Nf3 Nc6 4. g3 Bc5 5. Bg2 d6 6. O-O a6 7. e3 O-O 8. d4
Ba7 9. h3 h6 10. dxe5 Nxe5 11. Nxe5 dxe5 12. Qxd8 Rxd8 13. b3 c6 14. Ba3 Bf5
15. g4 Bd3 16. Rfd1 Bc2 17. Rdc1 Bg6 18. Rd1 Bc2 19. Rxd8+ Rxd8 20. Be7 Rd3 21.
Bxf6 gxf6 22. Ne4 Kg7 23. Rc1 Rd1+ 24. Rxd1 Bxd1 25. Nc3 Bc2 26. Be4 Bxe4 27.
Nxe4 Kg6 28. Nd6 b5 29. Kg2 Bc5 30. Ne4 Ba3 31. Ng3 bxc4 32. bxc4 Kg5 33. Kf3
Bf8 34. Nf5 Kg6 35. h4 h5 36. Ng3 hxg4+ 37. Kxg4 Bb4 38. h5+ Kh6 39. Nf5+ Kh7
40. Kf3 Ba3 41. Ke4 a5 42. f4 exf4 43. Kxf4 a4 44. Ke4 Bc5 45. Kf3 Ba3 46. Nd4
Kh6 47. Kg4 Bc5 48. Nxc6 Bxe3 49. Ne7 Bc5 50. Nf5+ Kh7 51. Kf3 1-0

[Event "Pokerstars International Open 2015"]
[Site "Douglas ENG"]
[Date "2015.10.08"]
[Round "6"]
[White "Boruchovsky, Avital"]
[Black "Adams, Michael"]
[Result "1/2-1/2"]
[WhiteElo "2536"]
[BlackElo "2742"]
[PlyCount "86"]
[EventDate "2015.09.02"]

1. e4 e5 2. Nf3 Nc6 3. Bb5 a6 4. Ba4 Nf6 5. O-O Be7 6. Re1 b5 7. Bb3 d6 8. c3
O-O 9. h3 Nb8 10. d4 Nbd7 11. c4 c6 12. Nc3 b4 13. Ne2 c5 14. dxe5 Nxe5 15. Nf4
Nfd7 16. Nd5 Bb7 17. Nxe5 Nxe5 18. f4 Nc6 19. Ba4 Bh4 20. Rf1 Bf6 21. Qd3 Bd4+
22. Kh2 Ne7 23. Bc2 f5 24. a3 a5 25. axb4 axb4 26. Rxa8 Bxa8 27. Re1 g6 28. Qf3
Re8 29. Re2 fxe4 30. Bxe4 Nxd5 31. Bxd5+ Bxd5 32. Qxd5+ Kg7 33. Re4 b3 34. Bd2
Rxe4 35. Qxe4 d5 36. cxd5 Bxb2 37. Be3 Bf6 38. Bxc5 b2 39. Bd4 h5 40. d6 Qxd6
41. Bxb2 Bxb2 42. Qb7+ Kg8 43. Qxb2 Qxf4+ 1/2-1/2

[Event "Pokerstars International Open 2015"]
[Site "Douglas ENG"]
[Date "2015.10.08"]
[Round "6"]
[White "Harika, Dronavalli"]
[Black "Howell, David W L"]
[Result "1/2-1/2"]
[WhiteElo "2516"]
[BlackElo "2705"]
[PlyCount "188"]
[EventDate "2015.09.02"]

1. c4 g6 2. Nc3 c5 3. g3 Bg7 4. Bg2 Nc6 5. e3 e5 6. a3 Nge7 7. Nge2 O-O 8. O-O
a5 9. d3 d6 10. Bd2 Rb8 11. Rb1 Be6 12. Nd5 b5 13. Nxe7+ Nxe7 14. cxb5 Rxb5 15.
b4 axb4 16. axb4 cxb4 17. Qa4 Qd7 18. Rxb4 Rfb8 19. Rxb5 Qxb5 20. Qxb5 Rxb5 21.
Nc3 Rb2 22. Bc1 Rb3 23. Bd2 Rb2 24. Bc1 Rc2 25. Ne4 d5 26. Ng5 Bg4 27. Ba3 Bf6
28. Nf3 Nc6 29. Rc1 Rxc1+ 30. Bxc1 Be7 31. Bb2 Bd6 32. Ng5 Ne7 33. Nf3 Nc6 34.
Ng5 Ne7 35. Nf3 f6 36. Ne1 Bd1 37. Bc3 Kf7 38. Bh3 f5 39. Bg2 Ke6 40. Bf3 Ba4
41. Be2 Nc6 42. Nf3 h6 43. h4 Nb8 44. Kf1 Nd7 45. Ke1 Nf6 46. Bd1 Bb5 47. Be2
Ba4 48. Bd1 Bb5 49. Be2 Ng4 50. Nd2 Ba4 51. Nf1 Ba3 52. Nd2 Bc2 53. Nf1 Be7 54.
Kd2 Ba4 55. Ke1 h5 56. Nd2 f4 57. Nf3 fxg3 58. fxg3 Nxe3 59. Bd2 Nf5 60. Kf2
Bc5+ 61. Kg2 Ne3+ 62. Kh2 Ng4+ 63. Kg2 Ne3+ 64. Kh2 Bc2 65. Kh3 Kf5 66. Ne1 Bb1
67. Bf3 Ke6 68. Be2 Kf5 69. Bf3 Ke6 70. Be2 Bb6 71. Bc1 Kf5 72. Bf3 Ke6 73. Be2
Kf5 74. Bf3 Ba2 75. Bxe3 Bxe3 76. g4+ hxg4+ 77. Bxg4+ Kf6 78. h5 Bf2 79. Nf3
gxh5 80. Bxh5 Bb1 81. Nh2 Bxd3 82. Ng4+ Kg5 83. Nxf2 Bf5+ 84. Bg4 Bxg4+ 85.
Nxg4 Kf4 86. Nf6 d4 87. Kg2 e4 88. Kf2 Ke5 89. Nxe4 Kxe4 90. Ke2 d3+ 91. Kd2
Kd4 92. Kd1 Kc3 93. Kc1 d2+ 94. Kd1 Kd3 1/2-1/2

[Event "Romanian Super League 2015"]
[Site "Mamaia"]
[Date "2015.10.08"]
[Round "6"]
[White "Posedaru, Bogdan"]
[Black "Wang, Hao"]
[Result "0-1"]
[WhiteElo "2357"]
[BlackElo "2712"]
[PlyCount "58"]
[EventDate "2015.10.03"]
[EventType "team"]
[EventRounds "9"]
[WhiteTeam "CS PETROM FLACARA MORENI"]
[BlackTeam "CLUBUL DE SAH AL MUNICIPIULUI BAIA MARE"]

1. d4 Nf6 2. c4 g6 3. Nc3 d5 4. cxd5 Nxd5 5. Bd2 Nb6 6. Bg5 Bg7 7. Nf3 c5 8.
dxc5 Bxc3+ 9. bxc3 Qxd1+ 10. Rxd1 Na4 11. Rc1 Nxc5 12. Nd4 Bd7 13. g3 Ba4 14.
Bg2 Nbd7 15. O-O Rc8 16. c4 f6 17. Be3 Kf7 18. Nb5 a6 19. Nc3 Bc6 20. Rfd1 Bxg2
21. Kxg2 Rc6 22. Rb1 Rhc8 23. Nd5 Rd6 24. Kf1 g5 25. f3 Ne5 26. Bxc5 Rxc5 27.
Rxb7 Nxc4 28. Rxe7+ Kf8 29. Re4 f5 0-1

[Event "Pokerstars International Open 2015"]
[Site "Douglas ENG"]
[Date "2015.10.09"]
[Round "7"]
[White "Short, Nigel D"]
[Black "Fressinet, Laurent"]
[Result "1/2-1/2"]
[WhiteElo "2678"]
[BlackElo "2702"]
[PlyCount "57"]
[EventDate "2015.09.02"]

1. e4 e5 2. Nf3 Nc6 3. Bc4 Bc5 4. b4 Bxb4 5. c3 Ba5 6. d4 d6 7. Qb3 Qd7 8. O-O
Bb6 9. Nbd2 Na5 10. Qc2 Ne7 11. dxe5 O-O 12. Ba3 Ng6 13. exd6 cxd6 14. Rfd1 Nf4
15. Bf1 Qg4 16. Kh1 Rd8 17. Nd4 d5 18. N2f3 Qh5 19. exd5 Nxd5 20. c4 Nf6 21. c5
Bc7 22. Kg1 Bg4 23. h3 Rxd4 24. Nxd4 Bxd1 25. Rxd1 Rd8 26. Be2 Qe5 27. Nf3
Rxd1+ 28. Bxd1 Qd5 29. Be2 1/2-1/2

[Event "Pokerstars International Open 2015"]
[Site "Douglas ENG"]
[Date "2015.10.09"]
[Round "7"]
[White "Howell, David W L"]
[Black "Boruchovsky, Avital"]
[Result "1-0"]
[WhiteElo "2705"]
[BlackElo "2536"]
[PlyCount "83"]
[EventDate "2015.09.02"]

1. Nf3 c5 2. e4 d6 3. Bc4 Nf6 4. Qe2 e6 5. c3 Nc6 6. Bb3 d5 7. d3 Be7 8. O-O h6
9. Re1 Qc7 10. Nbd2 b6 11. d4 O-O 12. e5 Nd7 13. a3 a5 14. Nf1 Ba6 15. Qd1 b5
16. Ng3 Rfc8 17. Nh5 cxd4 18. cxd4 a4 19. Ba2 Na5 20. Bd2 Nc4 21. Rc1 Qb6 22.
Bxc4 Rxc4 23. Rxc4 dxc4 24. Re4 f5 25. exf6 Nxf6 26. Nxf6+ Bxf6 27. Rg4 Kh8 28.
Bf4 Rf8 29. Ne5 Kg8 30. Nd7 Qxd4 31. Qxd4 Bxd4 32. Nxf8 Bxb2 33. Nd7 b4 34. Be5
Bxe5 35. Nxe5 c3 36. Rxb4 c2 37. Rb8+ Kh7 38. Nd3 Bxd3 39. Rc8 e5 40. f3 e4 41.
Kf2 exf3 42. Kxf3 1-0

[Event "Pokerstars International Open 2015"]
[Site "Douglas ENG"]
[Date "2015.10.10"]
[Round "8"]
[White "Harikrishna, Pentala"]
[Black "Sargissian, Gabriel"]
[Result "1/2-1/2"]
[WhiteElo "2737"]
[BlackElo "2679"]
[PlyCount "92"]
[EventDate "2015.10.03"]

1. e4 e5 2. Nf3 Nc6 3. Bb5 a6 4. Ba4 Nf6 5. O-O Be7 6. d3 b5 7. Bb3 d6 8. a4
Bd7 9. c3 Na5 10. Bc2 c5 11. d4 Qb8 12. Bg5 b4 13. cxb4 cxb4 14. Nbd2 h6 15.
Bh4 O-O 16. dxe5 dxe5 17. Nb3 Nxb3 18. Bxb3 Bc6 19. Re1 Ra7 20. Rc1 Bxe4 21.
Bxf6 Bxf3 22. Bxe5 Bxd1 23. Bxb8 Rxb8 24. Rcxd1 Kf8 25. Bc4 Rd8 26. b3 a5 27.
Rxd8+ Bxd8 28. Rd1 Ke7 29. Bxf7 Kxf7 30. Rxd8 Rc7 31. g3 Rc3 32. Rd5 Rxb3 33.
Rxa5 Ra3 34. Ra6 b3 35. Kg2 b2 36. Rb6 Rxa4 37. Rxb2 h5 38. Rb5 g6 39. Kh3 Kg7
40. f4 Kh6 41. Rb6 Kg7 42. Kh4 Kh6 43. Re6 Rb4 44. Rf6 Ra4 45. h3 Rb4 46. g4
Rxf4 1/2-1/2

[Event "Pokerstars International Open 2015"]
[Site "Douglas ENG"]
[Date "2015.10.10"]
[Round "8"]
[White "Fressinet, Laurent"]
[Black "Rambaldi, Francesco"]
[Result "1/2-1/2"]
[WhiteElo "2702"]
[BlackElo "2547"]
[PlyCount "59"]
[EventDate "2015.10.03"]

1. Nf3 Nf6 2. c4 c5 3. g3 Nc6 4. Nc3 d6 5. Bg2 g6 6. d4 cxd4 7. Nxd4 Bd7 8. Nc2
Bg7 9. Bd2 Ne5 10. Ne3 Bc6 11. Ncd5 e6 12. Nxf6+ Bxf6 13. O-O Bxg2 14. Kxg2 Qb6
15. Qa4+ Qc6+ 16. Qxc6+ Nxc6 17. Rab1 Ke7 18. Rfd1 Rac8 19. b3 h5 20. Bc1 Rhd8
21. Ba3 a6 22. Rd2 b5 23. Rbd1 b4 24. Bb2 Bxb2 25. Rxb2 a5 26. Nc2 Ra8 27. Nd4
Nxd4 28. Rxd4 d5 29. Kf3 dxc4 30. Rxc4 1/2-1/2

[Event "Pokerstars International Open 2015"]
[Site "Douglas ENG"]
[Date "2015.10.10"]
[Round "8"]
[White "Adams, Michael"]
[Black "Short, Nigel D"]
[Result "1/2-1/2"]
[WhiteElo "2742"]
[BlackElo "2678"]
[PlyCount "74"]
[EventDate "2015.10.03"]

1. e4 e5 2. Nf3 Nc6 3. Bb5 a6 4. Ba4 d6 5. O-O Bd7 6. d4 exd4 7. Nxd4 b5 8.
Nxc6 Bxc6 9. Bb3 Nf6 10. c4 Be7 11. Nc3 O-O 12. Re1 Nd7 13. Nd5 Bxd5 14. cxd5
Bf6 15. Rb1 Re8 16. Bc2 Qc8 17. Be3 Qb7 18. h3 Rac8 19. Re2 Nb6 20. Qd3 g6 21.
Bb3 c5 22. dxc6 Rxc6 23. Bd4 Bxd4 24. Qxd4 a5 25. Rd1 Qc7 26. a3 a4 27. Ba2 Nc4
28. Rc2 Re5 29. f4 Rec5 30. Re2 Qe7 31. Kh2 Qf8 32. Qf2 Qe7 33. Qd4 Qf8 34. Qf2
Qe7 35. Rd5 Rc8 36. Bxc4 Rxc4 37. Qe3 R8c5 1/2-1/2

[Event "Pokerstars International Open 2015"]
[Site "Douglas ENG"]
[Date "2015.10.10"]
[Round "8"]
[White "Granda Zuniga, Julio E"]
[Black "Howell, David W L"]
[Result "1/2-1/2"]
[WhiteElo "2667"]
[BlackElo "2705"]
[PlyCount "141"]
[EventDate "2015.10.03"]

1. d4 Nf6 2. Nf3 g6 3. Bg5 Bg7 4. e3 O-O 5. Be2 c5 6. Nbd2 cxd4 7. exd4 h6 8.
Bh4 Nc6 9. c3 d6 10. Nc4 Nd5 11. Ne3 Nf4 12. d5 Ne5 13. Nd4 f5 14. f3 Qb6 15.
Rb1 Qc5 16. Bf2 Nxe2 17. Nxe2 f4 18. Nf5 Qc4 19. Nxe7+ Kh7 20. Nxc8 Nd3+ 21.
Kf1 Raxc8 22. Qd2 Rfe8 23. Rd1 Nxf2 24. Kxf2 Qc5+ 25. Nd4 Re3 26. h4 h5 27. Kg1
Rce8 28. Kh2 Qxd5 29. Nc2 Qe5 30. Rhe1 Re2 31. Rxe2 Qxe2 32. Nb4 Qe7 33. Qf2
Qe2 34. Rd2 Qxf2 35. Rxf2 Bf6 36. g3 fxg3+ 37. Kxg3 Re1 38. Nd5 Bd8 39. Nf4
Rg1+ 40. Ng2 Kg7 41. Rd2 Kf7 42. Kh2 Ra1 43. a3 Bf6 44. Re2 b5 45. Kg3 a6 46.
Ne1 Ra2 47. Rg2 Ra1 48. Re2 Ra2 49. Rg2 a5 50. f4 Ke6 51. Kf3 Bxh4 52. Nd3 Kf5
53. Rg1 Bf6 54. Rb1 Bxc3 55. bxc3 Rxa3 56. Rxb5+ Kf6 57. Ke4 Rxc3 58. Rxa5 Rc4+
59. Ke3 Rc3 60. Kd4 Rc2 61. Ne1 Rc5 62. Ra6 Rb5 63. Rxd6+ Kf5 64. Ng2 g5 65.
Kc4 Ra5 66. Kb4 Ra8 67. Rd5+ Ke4 68. Re5+ Kf3 69. Rxg5 Rh8 70. f5 h4 71. Nxh4+
1/2-1/2

[Event "Romanian Super League 2015"]
[Site "Mamaia"]
[Date "2015.10.09"]
[Round "7"]
[White "Wang, Hao"]
[Black "Deac, Bogdan-Daniel"]
[Result "1/2-1/2"]
[WhiteElo "2712"]
[BlackElo "2455"]
[PlyCount "141"]
[EventDate "2015.10.03"]
[EventType "team"]
[EventRounds "9"]
[WhiteTeam "CLUBUL DE SAH AL MUNICIPIULUI BAIA MARE"]
[BlackTeam "CSU PLOIESTI"]

1. d4 Nf6 2. c4 e6 3. Nc3 Bb4 4. Qc2 O-O 5. a3 Bxc3+ 6. Qxc3 b6 7. Bg5 Bb7 8.
e3 d6 9. Ne2 Nbd7 10. Qc2 c5 11. Rd1 cxd4 12. Rxd4 Qc7 13. Nc3 a6 14. Be2 Rfc8
15. O-O d5 16. Rfd1 dxc4 17. Rxc4 Qe5 18. Bf4 Qa5 19. Ra4 Qc5 20. Rad4 e5 21.
Rc4 Qe7 22. Bg5 Qe6 23. Rxc8+ Rxc8 24. Qa4 Nc5 25. Qb4 h6 26. Bxf6 Qxf6 27. Nd5
Bxd5 28. Rxd5 Rd8 29. Qd2 Rxd5 30. Qxd5 a5 31. b4 axb4 32. axb4 Ne6 33. g3 Ng5
34. Kg2 g6 35. h4 Nh7 36. Bf3 Nf8 37. Qb7 Qd6 38. Bd5 Ne6 39. Qc8+ Nd8 40. e4
Kf8 41. h5 gxh5 42. Qf5 h4 43. gxh4 Kg7 44. Kf3 Qf6 45. Ke3 Ne6 46. Qg4+ Qg6
47. Bxe6 fxe6 48. Qd1 Qf7 49. Qg1+ Kf8 50. f3 Qd7 51. Qa1 Qd6 52. Qc3 Ke7 53.
h5 Kf7 54. Ke2 b5 55. Qc1 Qf8 56. Qc3 Qd6 57. Qc1 Qf8 58. Qc7+ Kf6 59. f4 Qxb4
60. Qxe5+ Kf7 61. Qc7+ Qe7 62. Qb6 Qb4 63. Qb7+ Ke8 64. Qc6+ Ke7 65. Qc7+ Ke8
66. Qc6+ Ke7 67. Qc7+ Ke8 68. Qc2 Kd7 69. Qd3+ Ke7 70. Kf3 Qc5 71. f5 1/2-1/2

[Event "World Championship (rapid) 2015"]
[Site "Berlin GER"]
[Date "2015.10.10"]
[Round "1"]
[White "Grischuk, Alexander"]
[Black "Adhiban, Baskaran"]
[Result "1-0"]
[WhiteElo "2774"]
[BlackElo "2674"]
[PlyCount "63"]
[EventDate "2015.10.10"]

1. d4 Nf6 2. Bf4 c5 3. e3 Qb6 4. Nc3 Qxb2 5. Nge2 Qb6 6. Rb1 Qd8 7. dxc5 g6 8.
g3 Na6 9. Qd4 Bg7 10. Bg2 Nh5 11. Be5 f6 12. Bf4 e5 13. Qc4 exf4 14. exf4 Bf8
15. O-O Nxc5 16. Nd4 Ng7 17. Rfe1+ Nce6 18. Nd5 Rb8 19. Rbd1 Be7 20. Nxe6 Nxe6
21. Rxe6 dxe6 22. Nc7+ Kf7 23. Rxd8 Rxd8 24. Bf3 a6 25. f5 b5 26. Qb3 Rb6 27.
Qe3 Rbd6 28. Qh6 exf5 29. Qxh7+ Kf8 30. Qxg6 Be6 31. Nxe6+ Rxe6 32. Bh5 1-0

[Event "World Championship (rapid) 2015"]
[Site "Berlin GER"]
[Date "2015.10.10"]
[Round "1"]
[White "Aronian, Levon"]
[Black "Huzman, Alexander"]
[Result "1/2-1/2"]
[WhiteElo "2784"]
[BlackElo "2580"]
[PlyCount "128"]
[EventDate "2015.10.10"]

1. d4 Nf6 2. c4 c6 3. Bf4 d6 4. Nc3 g6 5. h3 Bg7 6. Nf3 O-O 7. e3 a6 8. a4 a5
9. Bd3 Na6 10. Rc1 Nb4 11. Bb1 d5 12. b3 Be6 13. Qe2 Qb6 14. O-O Qa6 15. Ng5
Bd7 16. Be5 h6 17. Nf3 Be6 18. Nd2 Ne8 19. Bxg7 Nxg7 20. e4 Rad8 21. Rfd1 dxc4
22. Nxc4 b5 23. axb5 cxb5 24. Ne5 Bxb3 25. Rd2 Nc6 26. Nxc6 Qxc6 27. Qxb5 Qxb5
28. Nxb5 Rc8 29. Re1 Rfd8 30. d5 e6 31. Na7 Rc5 32. Nc6 Rd7 33. Nd4 Bc4 34. Nf3
exd5 35. Ne5 Rdc7 36. Ng4 Kf8 37. Nf6 Ne8 38. Nxe8 Kxe8 39. exd5+ Kd8 40. d6
Rb7 41. Rc1 Rd5 42. Rdc2 Rdb5 43. Rxc4 Rxb1 44. Rxb1 Rxb1+ 45. Kh2 Rb6 46. Rc7
Ra6 47. Rxf7 a4 48. Rf8+ Kd7 49. Rf7+ Ke8 50. Rf6 Ra5 51. Rxg6 a3 52. Re6+ Kd7
53. Re1 Kxd6 54. Kg3 a2 55. Ra1 Kd5 56. f4 Ke4 57. Kg4 h5+ 58. Kg3 Kf5 59. Kh4
Kxf4 60. g3+ Kf3 61. g4 hxg4 62. hxg4 Kf4 63. g5 Kf5 64. Kg3 Ke5 1/2-1/2

[Event "World Championship (rapid) 2015"]
[Site "Berlin GER"]
[Date "2015.10.10"]
[Round "1"]
[White "Borisek, Jure"]
[Black "Karjakin, Sergey"]
[Result "0-1"]
[WhiteElo "2565"]
[BlackElo "2762"]
[PlyCount "106"]
[EventDate "2015.10.10"]

1. e4 c5 2. Nf3 d6 3. d4 cxd4 4. Nxd4 Nf6 5. Nc3 a6 6. Be3 e5 7. Nf3 Be7 8. Bc4
O-O 9. O-O Qc7 10. Bb3 Be6 11. Qe2 Rc8 12. Bg5 Nbd7 13. Rfd1 b5 14. Rac1 b4 15.
Bxf6 Nxf6 16. Nd5 Nxd5 17. Bxd5 Bxd5 18. Rxd5 Qc4 19. Qxc4 Rxc4 20. Nd2 Rc6 21.
c4 bxc3 22. Rxc3 Rxc3 23. bxc3 Rc8 24. c4 g6 25. Kf1 Bg5 26. Nf3 Be7 27. Nd2
Kg7 28. Ke2 Kf6 29. Kd3 Ke6 30. Ra5 Ra8 31. Ra3 Bd8 32. Rb3 Kd7 33. Nf1 Kc6 34.
Ne3 Bb6 35. f3 Bxe3 36. Kxe3 h5 37. Kd3 h4 38. Ra3 a5 39. Rb3 a4 40. Rb4 a3 41.
h3 f5 42. Rb3 Kc7 43. Ke3 Ra4 44. Kd3 fxe4+ 45. fxe4 Ra8 46. Ke3 Kc6 47. Rb5
Ra6 48. Rb3 g5 49. Kd3 Ra8 50. Rb5 g4 51. hxg4 Rg8 52. Ra5 Rxg4 53. Ra6+ Kc5
0-1